00423nam a2200109Ia 4500008004100000245007400041260005500115500002600170650002400196999001900220952007400239160715s9999 xx 000 0 und d aSouthville International School and Colleges (Magna Cum Laude Medal) bSouthville International School and Collegesc2016 aMagna Cum Laude Medal aArchival materials. c297749d297749 001040aAbAcARd2016-07-15l0r2016-07-15 00:00:00w2016-07-15ySV